| 000 | 00820nam a2200265Ia 4500 | ||
|---|---|---|---|
| 003 | GCL | ||
| 008 | 140319s9999 xx 000 0 ara d | ||
| 040 |
_aGCL / _cGCL |
||
| 082 | 0 | 4 |
_a330 _bم م |
| 100 | 1 | _aمحمد على رضا الجاسم | |
| 245 | 1 | 0 |
_aمقدمة اقتصاديات المملكة العربية السعودية / _cمحمد على رضا الجاسم |
| 260 |
_a[S.N] : _bالمؤلف |
||
| 300 | _a246 ص | ||
| 490 | _a | ||
| 650 | 0 | 4 | _aالاقتصاد |
| 650 | 0 | 4 | _aالتجارة |
| 650 | 0 | 4 | _aالزراعة |
| 650 | 0 | 4 | _aالتنمية الاقتصادية |
| 650 | 0 | 4 | _aالاجتماع |
| 650 | 0 | 4 | _aالصناعة |
| 650 | 0 | 4 | _aالنقل |
| 650 | 0 | 4 | _aالاجتماع الاقتصادى |
| 650 | 0 | 4 | _aالمملكة العربية السعودية |
| 942 |
_2ddc _cBK |
||
| 999 |
_c58667 _d58667 |
||